000 00674nam a22002417a 4500
001 001137
003 DO-SdBNP
005 20180131130109.0
007 001137
008 160812b 1980 sp||||| |||| 00| 0 spa d
020 _a9682309832
040 _aBPMSU
_bspa
_cBPMSU
100 1 _aKula, Witold
245 1 4 _aLas medidas y los hombres /
_cWitold Kula
250 _a2a ed.
260 _aEspaña :
_bSiglo XXI,
_c1980.
300 _a482 p. :
500 _aIncluye referencias bibliográficas y notas al pie de las páginas
504 _aBibliografías : p. 459-482
942 _2ddc
_cBK
945 _aInventariado, 2018/MFF
956 _aBTAVÁREZ
_b10
_c20161208
_d001137
999 _c11158
_d11158